| 000 | 00418 a2200169 4500 | ||
|---|---|---|---|
| 020 | _a0071232443 | ||
| 022 | _a9780071232449 | ||
| 082 | _a658.155 | ||
| 090 |
_c2754 _d2754 |
||
| 100 | _aHarrington,Scott E. | ||
| 245 |
_aRisk Management and Insurance _cScott E.Harrington |
||
| 250 | _a2nd | ||
| 260 |
_aSingapore _bMcGraw-Hill _c2004 |
||
| 300 | _a672p | ||
| 500 | _aPaper cover | ||
| 942 |
_aNBS _cBK _k658.155 NIE |
||
| 999 |
_c345245 _d345245 |
||